[Event "28th Cappelle Open"]
[Site "Cappelle la Grande FRA"]
[Date "2012.03.05"]
[Round "4.131"]
[White "Meurs, Tom"]
[Black "Van Eert, Frans"]
[Result "1-0"]
[WhiteElo "2221"]
[BlackElo "1870"]
[WhiteFideId "1021176"]
[BlackFideId "233102"]
[EventDate "2012.03.03"]

1. e4 e5 2. Nf3 Nc6 3. Bb5 a6 4. Ba4 Nf6 5. O-O Be7 6. Re1 b5 7. Bb3 O-O 8. h3
d5 9. exd5 Nxd5 10. Nxe5 Nxe5 11. Rxe5 c6 12. d4 Bd6 13. Re1 Qh4 14. Qd3 Nf6 15.
Nc3 Ng4 16. Qf3 Nxf2 17. Qxf2 Bh2+ 18. Kf1 Bg3 19. Qe3 Bxh3 20. Bd2 Rae8 21. Qg5
Bxg2+ 22. Kxg2 Qh2+ 23. Kf3 Qf2+ 24. Kg4 h6 25. Qf5 Qxf5+ 26. Kxf5 Bxe1 27. Rxe1
Rxe1 28. Bxe1 Re8 29. Ne4 g6+ 30. Kf4 Kg7 31. Bc3 b4 32. Bxb4 f5 33. Nc5 Re2 34.
Nd7 Rf2+ 35. Kg3 Rf1 36. Bd6 g5 37. Be5+ Kg6 38. Nf8+ Kh5 39. Bf7# 1-0

[Event "28th Cappelle Open"]
[Site "Cappelle la Grande FRA"]
[Date "2012.03.06"]
[Round "5.20"]
[White "Tomczak, Jacek"]
[Black "O'Toole, George E"]
[Result "1-0"]
[WhiteTitle "IM"]
[WhiteElo "2555"]
[BlackElo "2177"]
[WhiteFideId "1124668"]
[BlackFideId "412732"]
[EventDate "2012.03.03"]

1. e4 e5 2. Nf3 Nc6 3. d4 exd4 4. Nxd4 Nf6 5. Nxc6 bxc6 6. e5 Qe7 7. Qe2 Nd5 8.
c4 Nb6 9. Nc3 Qe6 10. Qe4 Ba6 11. b3 Bb4 12. Bd2 Bxc3 13. Bxc3 d5 14. Qh4 dxc4
15. Rc1 O-O 16. Be2 f6 17. O-O fxe5 18. Qg5 Qf5 19. Qg3 Nd5 20. Bxe5 Nf6 21.
Bxc4+ Bxc4 22. Rxc4 Rae8 23. f4 Re6 24. Rd1 Ng4 25. h3 Nxe5 26. fxe5 h5 27. Re1
Rf7 28. Qe3 a6 29. Ra4 Qc2 30. Rxa6 Rg6 31. Ra8+ Kh7 32. Qe2 Qc5+ 33. Kh1 Rf2
34. Qxh5+ Rh6 35. Qg4 Qc3 36. Qe4+ g6 37. Qe3 Qc2 38. Rc1 Qf5 39. Rxc6 1-0

[Event "28th Cappelle Open"]
[Site "Cappelle la Grande FRA"]
[Date "2012.03.06"]
[Round "5.21"]
[White "Arutinian, David"]
[Black "Prevot, Emmanuel"]
[Result "1-0"]
[WhiteTitle "GM"]
[WhiteElo "2553"]
[BlackElo "2116"]
[WhiteFideId "13601741"]
[BlackFideId "605921"]
[EventDate "2012.03.03"]

1. Nf3 c5 2. c4 Nf6 3. g3 b6 4. Bg2 Bb7 5. O-O e6 6. b3 Be7 7. Bb2 O-O 8. e3 d6
9. d3 Nbd7 10. Nc3 a6 11. Qe2 Qc7 12. Ne1 Rab8 13. f4 Rfd8 14. e4 Bc6 15. g4 b5
16. g5 Ne8 17. h4 Qb7 18. Rb1 Nc7 19. Nc2 Bf8 20. Ne3 Re8 21. Qf2 Be7 22. Ba1 b4
23. Ncd5 Bf8 24. h5 Qc8 25. h6 exd5 26. cxd5 Ba8 27. hxg7 Bxg7 28. Bxg7 Kxg7 29.
Nf5+ Kg8 30. Qh4 Rf8 31. Qh6 Ne8 32. Rf3 1-0

[Event "28th Cappelle Open"]
[Site "Cappelle la Grande FRA"]
[Date "2012.03.06"]
[Round "5.23"]
[White "Dgebuadze, Alexandre"]
[Black "Hoffmann, Roger"]
[Result "1-0"]
[WhiteTitle "GM"]
[WhiteElo "2548"]
[BlackElo "2051"]
[WhiteFideId "203882"]
[BlackFideId "4001133"]
[EventDate "2012.03.03"]

1. e4 e5 2. Bc4 Nc6 3. Nf3 d6 4. c3 Be7 5. O-O Nf6 6. d3 O-O 7. Re1 Na5 8. Bb5
Bd7 9. Bxd7 Nxd7 10. Nbd2 c5 11. Nf1 Re8 12. Ne3 Bg5 13. Nxg5 Qxg5 14. Nc4 Qd8
15. Nxd6 Re6 16. Nf5 Nc6 17. Qf3 Nf8 18. Be3 b6 19. Rad1 Qc7 20. h4 Rd8 21. h5
Rd7 22. h6 g6 23. Ng7 Qd8 24. Nxe6 Nxe6 25. g3 Kf8 26. Qe2 1-0

[Event "28th Cappelle Open"]
[Site "Cappelle la Grande FRA"]
[Date "2012.03.06"]
[Round "5.24"]
[White "Jeanne, Mickael"]
[Black "Simantsev, Mikhail"]
[Result "1/2-1/2"]
[BlackTitle "GM"]
[WhiteElo "2177"]
[BlackElo "2548"]
[WhiteFideId "637963"]
[BlackFideId "14104555"]
[EventDate "2012.03.03"]

1. Nf3 c5 2. c4 Nf6 3. Nc3 e6 4. g3 b6 5. Bg2 Bb7 6. O-O Be7 7. d4 cxd4 8. Qxd4
d6 9. Rd1 a6 10. b3 Nbd7 11. Ng5 Bxg2 12. Kxg2 O-O 13. Nge4 Qc7 14. Ba3 Nc5 15.
Nxc5 dxc5 16. Qf4 Qxf4 17. gxf4 b5 18. Bb2 Rab8 19. cxb5 axb5 20. Kf3 Rfc8 21.
Ne4 Nd5 22. Be5 Rb6 23. Nc3 f6 24. Nxd5 exd5 25. Bb2 Rd8 26. Rd2 Kf7 27. Rad1
Rbd6 28. Ba3 Ra6 29. Bc1 Rad6 30. Ba3 b4 31. Bc1 Ke6 32. a3 bxa3 33. Bxa3 Rb6
34. Rd3 Ra6 35. f5+ Kf7 36. Bc1 Ra1 37. Bf4 Rxd1 38. Rxd1 Rd7 39. Rd3 g6 40.
fxg6+ hxg6 41. Kg2 g5 42. Bg3 f5 43. Be5 Rb7 44. f4 gxf4 45. Bxf4 c4 46. bxc4
dxc4 47. Rc3 Rb4 48. Be5 Bg5 49. e3 Ke6 50. Bg7 Kd5 51. Kf3 Rb7 52. Bd4 f4 53.
Ra3 fxe3 54. Bxe3 Rf7+ 55. Ke2 Bf6 56. Ra5+ Ke4 57. Rc5 c3 58. Rc4+ Kd5 59. Rc5+
Kd6 60. Kd3 Rh7 61. Rc4 Rh3 62. Rg4 Be5 63. Ke4 c2 64. Rg6+ Kd7 65. Rg1 Bb2 66.
Bc1 Bxc1 67. Rxc1 Rxh2 1/2-1/2

[Event "28th Cappelle Open"]
[Site "Cappelle la Grande FRA"]
[Date "2012.03.06"]
[Round "5.25"]
[White "Cornette, Matthieu"]
[Black "Thos, Jacques"]
[Result "1-0"]
[WhiteTitle "GM"]
[WhiteElo "2545"]
[BlackElo "1963"]
[WhiteFideId "620084"]
[BlackFideId "611034"]
[EventDate "2012.03.03"]

1. e4 c5 2. Nc3 d6 3. Nf3 Nf6 4. d4 cxd4 5. Nxd4 a6 6. g3 e6 7. Bg2 Be7 8. O-O
O-O 9. Be3 Nbd7 10. f4 Qc7 11. Qe2 Rb8 12. g4 Nb6 13. g5 Ne8 14. Rad1 Nc4 15.
Bc1 b5 16. b3 Nb6 17. Rd3 g6 18. e5 Bb7 19. Ne4 Bxe4 20. Bxe4 d5 21. Bg2 Ng7 22.
Be3 Bc5 23. Rc3 b4 24. Rxc5 Qxc5 25. Nxe6 Qa5 26. Nxg7 Kxg7 27. Bd4 Kg8 28. e6
Rfe8 29. Qe5 1-0

[Event "28th Cappelle Open"]
[Site "Cappelle la Grande FRA"]
[Date "2012.03.06"]
[Round "5.27"]
[White "Neverov, Valeriy"]
[Black "Dubois, Vincent"]
[Result "1-0"]
[WhiteTitle "GM"]
[WhiteElo "2544"]
[BlackElo "1910"]
[WhiteFideId "14100150"]
[BlackFideId "652679"]
[EventDate "2012.03.03"]

1. d4 Nf6 2. c4 c5 3. d5 b5 4. cxb5 a6 5. bxa6 g6 6. Nc3 Bxa6 7. g3 Bg7 8. Bg2
d6 9. Nf3 O-O 10. O-O Nbd7 11. Qc2 Qa5 12. Rd1 Rfb8 13. h3 Nb6 14. Nd2 Bc4 15.
Rb1 Nfd7 16. Nb3 Qb4 17. Bg5 Nc8 18. Ra1 Bxb3 19. axb3 Rxa1 20. Rxa1 Qxb3 21.
Qxb3 Rxb3 22. Nd1 h6 23. Bc1 Ncb6 24. Ra7 f5 25. g4 fxg4 26. hxg4 Kf7 27. g5
hxg5 28. Bxg5 Bxb2 29. Nxb2 Rxb2 30. Bh3 Ke8 31. Be6 c4 32. e4 c3 33. Rc7 c2 34.
Kg2 Kd8 35. Rc6 Ke8 36. Bc1 Ra2 37. f4 Kf8 38. Kf3 Kg7 39. Rc7 Kf8 40. Bxd7 Nxd7
41. Rxd7 Ra1 42. Be3 Rf1+ 43. Ke2 c1=Q 44. Bxc1 Rxc1 45. e5 dxe5 46. fxe5 Rc3
47. Kd2 Rh3 48. e6 g5 49. Ra7 Rh6 50. Ke3 Rf6 51. Ra8+ Kg7 52. Re8 Rf8 53. Rxe7+
Kf6 54. Rd7 Ra8 55. Kd4 g4 56. Rf7+ Kg6 57. Ke5 g3 58. Rf3 Kg7 59. Rxg3+ Kf8 60.
Kf6 Ra6 61. Rc3 Ra8 62. d6 Ke8 63. Rh3 1-0

[Event "28th Cappelle Open"]
[Site "Cappelle la Grande FRA"]
[Date "2012.03.06"]
[Round "5.29"]
[White "Kharitonov, Alexandr"]
[Black "Devoille, Hugo"]
[Result "1-0"]
[WhiteTitle "GM"]
[WhiteElo "2542"]
[BlackElo "1889"]
[WhiteFideId "4135202"]
[BlackFideId "675709"]
[EventDate "2012.03.03"]

1. d4 d5 2. c4 c6 3. Nc3 Nf6 4. e3 Bg4 5. f3 Bf5 6. cxd5 cxd5 7. Qb3 Qd7 8. g4
Be6 9. Nge2 Nc6 10. Nf4 Qd6 11. g5 Nd7 12. Nb5 Qb8 13. Nxd5 Bxd5 14. Qxd5 e6 15.
Qe4 Nb6 16. Bd2 a6 17. Nc3 Qd6 18. f4 Be7 19. Rc1 Rd8 20. Rd1 Qc7 21. h4 Rd6 22.
Kf2 h5 23. Qf3 g6 24. Ne4 Rd8 25. Rc1 Nd5 26. Nc3 Nb6 27. Be2 O-O 28. Rhd1 Rd7
29. Kg2 Rc8 30. Be1 Qd8 31. Bf2 Kg7 32. Ne4 Qc7 33. Nc5 Bxc5 34. dxc5 Nd5 35. a3
Rcd8 36. b4 Na7 37. Bg3 Qc8 38. e4 Ne7 39. Be1 Nac6 40. Rxd7 Rxd7 41. Bc3+ Kg8
42. Rd1 Rxd1 43. Bxd1 Na7 44. Bb2 Kf8 45. Qc3 Ke8 46. a4 Qc6 47. Bc2 Qc7 48. Kf3
Kd7 49. Bd3 Qc6 50. Bc2 Ke8 51. Ke3 Kd7 52. Qc4 Ke8 53. Bb3 Qc7 54. Be5 Qd7 55.
Bd6 Nac8 56. Be5 Na7 57. b5 axb5 58. axb5 Kf8 59. Ba4 Qc8 60. Qd4 Qa8 61. Qd7 1-0

[Event "28th Cappelle Open"]
[Site "Cappelle la Grande FRA"]
[Date "2012.03.06"]
[Round "5.31"]
[White "Molina, Roberto Junio Brito"]
[Black "Fier, Alexandr"]
[Result "0-1"]
[WhiteTitle "IM"]
[BlackTitle "GM"]
[WhiteElo "2407"]
[BlackElo "2599"]
[WhiteFideId "2109450"]
[BlackFideId "2107139"]
[EventDate "2012.03.03"]

1. d4 Nf6 2. c4 g6 3. Nf3 Bg7 4. g3 O-O 5. Bg2 d6 6. O-O Nc6 7. Nc3 a6 8. h3 Rb8
9. e4 b5 10. e5 Nd7 11. cxb5 axb5 12. Ng5 dxe5 13. Bxc6 exd4 14. Nxb5 Rb6 15.
Nxd4 Bxd4 16. Qxd4 Rxc6 17. Be3 Rd6 18. Qh4 Nf6 19. Rfe1 Rd3 20. Qc4 h6 21. Ne4
Be6 22. Nxf6+ exf6 23. Qe4 Kg7 24. h4 g5 25. a4 Re8 26. Rac1 Bb3 27. Qb4 Bd5 28.
Bc5 Rxe1+ 29. Rxe1 Qd7 30. Kh2 Qf5 31. Rg1 Be6 32. g4 Qe5+ 33. f4 Qe2+ 34. Rg2
Qf3 35. hxg5 Bd5 36. gxf6+ Kh7 0-1

[Event "28th Cappelle Open"]
[Site "Cappelle la Grande FRA"]
[Date "2012.03.06"]
[Round "5.32"]
[White "Kravtsiv, Martyn"]
[Black "Aloma Vidal, Robert"]
[Result "1-0"]
[WhiteTitle "GM"]
[BlackTitle "IM"]
[WhiteElo "2588"]
[BlackElo "2408"]
[WhiteFideId "14113147"]
[BlackFideId "2260409"]
[EventDate "2012.03.03"]

1. e4 c5 2. Nf3 Nf6 3. e5 Nd5 4. g3 Nc6 5. Bg2 d6 6. exd6 e6 7. O-O Bxd6 8. d4
O-O 9. dxc5 Bxc5 10. Qe2 Bd7 11. Rd1 Qe7 12. c4 Nf6 13. Nc3 Rad8 14. Bg5 h6 15.
Bh4 Nb8 16. Ne4 Bc6 17. Nxf6+ gxf6 18. Ne5 Bxg2 19. Ng4 Bd4 20. Kxg2 Qc5 21.
Nxf6+ Kh8 22. Qc2 Qf5 23. Qxf5 exf5 24. Nd5 1-0

[Event "28th Cappelle Open"]
[Site "Cappelle la Grande FRA"]
[Date "2012.03.06"]
[Round "5.33"]
[White "Borovikov, Vladislav"]
[Black "Firat, Burak"]
[Result "1/2-1/2"]
[WhiteTitle "GM"]
[BlackTitle "IM"]
[WhiteElo "2579"]
[BlackElo "2405"]
[WhiteFideId "14102811"]
[BlackFideId "6305881"]
[EventDate "2012.03.03"]

1. Nf3 Nf6 2. c4 g6 3. Nc3 d5 4. cxd5 Nxd5 5. Qb3 Nb6 6. d4 Bg7 7. Bf4 O-O 8. e3
Be6 9. Qa3 Nc6 10. Be2 a5 11. O-O Nb4 12. Rfc1 c6 13. Be5 Nc4 14. Bxc4 Bxc4 15.
Bxg7 Kxg7 16. Qa4 Be6 17. Ne4 Bd5 18. Ned2 f6 19. a3 Na6 20. Qc2 Nc7 21. e4 Bf7
22. d5 Rc8 23. dxc6 Nb5 24. Qa4 bxc6 25. Rd1 e5 26. Nc4 Qc7 27. Rac1 Bxc4 28.
Qxc4 Rfd8 29. h3 Nd6 30. Qc2 Qb6 31. Rd3 Rb8 32. Rcd1 Nf7 33. Rxd8 Rxd8 34. Rxd8
Nxd8 35. Nd2 Ne6 36. Qb3 Qxb3 37. Nxb3 a4 38. Na5 Nc5 39. f3 Kf7 40. Kf1 Ke6 41.
Ke2 Kd6 42. Nc4+ Kc7 43. Kd2 Ne6 44. Kc3 Nf4 45. Ne3 c5 46. b3 axb3 47. Kxb3 Kc6
48. Kc4 f5 49. exf5 gxf5 50. h4 e4 51. Nxf5 exf3 52. gxf3 Ng6 53. Kd3 Kb5 54.
Ke4 h5 55. Kd5 c4 56. Nd6+ Ka4 57. Nxc4 Nxh4 58. f4 Ng6 59. f5 Ne7+ 60. Ke6 Nxf5
61. Kxf5 Kb3 62. Kg5 Kxc4 63. Kxh5 Kb3 64. a4 Kxa4 1/2-1/2

[Event "28th Cappelle Open"]
[Site "Cappelle la Grande FRA"]
[Date "2012.03.06"]
[Round "5.35"]
[White "Chernyshov, Konstantin"]
[Black "Debray, Christopher"]
[Result "1-0"]
[WhiteTitle "GM"]
[BlackTitle "IM"]
[WhiteElo "2561"]
[BlackElo "2396"]
[WhiteFideId "4117328"]
[BlackFideId "630810"]
[EventDate "2012.03.03"]

1. Nf3 Nf6 2. b3 g6 3. Bb2 Bg7 4. g3 b6 5. Bg2 Bb7 6. O-O c5 7. c4 O-O 8. Nc3 d5
9. Ne5 Nbd7 10. Nd3 e6 11. cxd5 Nxd5 12. Nxd5 Bxd5 13. Bxd5 exd5 14. Bxg7 Kxg7
15. Nf4 d4 16. e4 dxe3 17. dxe3 Nf6 18. Qxd8 Rfxd8 19. Rfd1 g5 20. Ne2 Ne4 21.
f3 Nd2 22. Kf2 Rd3 23. g4 Rad8 24. Rdc1 f5 25. gxf5 Re8 26. Rc2 h5 27. Rg1 Kh6
28. Nc1 Rd7 29. h3 Red8 30. e4 Nb1 31. Ke3 Rd1 32. Rcg2 Rxg1 33. Rxg1 Nc3 34.
Nd3 Nxa2 35. Ne5 Rd4 36. Nf7+ Kg7 37. Nxg5 Rb4 38. e5 Rxb3+ 39. Kf4 Nc3 40. Ne4+
Kf8 41. Nxc3 Rxc3 42. f6 Rc2 43. e6 Re2 44. Kf5 1-0

[Event "28th Cappelle Open"]
[Site "Cappelle la Grande FRA"]
[Date "2012.03.06"]
[Round "5.39"]
[White "Frois, Antonio"]
[Black "Sanikidze, Tornike"]
[Result "0-1"]
[WhiteTitle "IM"]
[BlackTitle "GM"]
[WhiteElo "2347"]
[BlackElo "2549"]
[WhiteFideId "1900080"]
[BlackFideId "13602608"]
[EventDate "2012.03.03"]

1. Nf3 Nf6 2. c4 c6 3. g3 g6 4. Bg2 Bg7 5. O-O O-O 6. Nc3 d5 7. cxd5 Nxd5 8. Qc2
e5 9. d3 h6 10. Bd2 Be6 11. Rac1 Na6 12. Rfd1 Rc8 13. Qb1 Qd7 14. Be1 c5 15.
Nxd5 Bxd5 16. Bc3 Rfe8 17. b3 b6 18. Qb2 Qe6 19. Qd2 Nc7 20. Qe1 Nb5 21. Ba1 Nd4
22. Nd2 Bxg2 23. Kxg2 h5 24. e3 Nc6 25. Qe2 Red8 26. Nf1 Rd6 27. Rc2 e4 0-1

[Event "28th Cappelle Open"]
[Site "Cappelle la Grande FRA"]
[Date "2012.03.06"]
[Round "5.40"]
[White "Vovk, Andrey"]
[Black "Braun, Christian2"]
[Result "1-0"]
[WhiteTitle "GM"]
[BlackTitle "FM"]
[WhiteElo "2540"]
[BlackElo "2372"]
[WhiteFideId "14114470"]
[BlackFideId "4692098"]
[EventDate "2012.03.03"]

1. d4 Nf6 2. c4 g6 3. Nc3 Bg7 4. e4 d6 5. h3 O-O 6. Nf3 e5 7. d5 a5 8. Bg5 Na6
9. Nd2 Qe8 10. Be2 Nd7 11. a3 f6 12. Bh4 Bh6 13. b4 Nb6 14. Rb1 Bd7 15. Qc2 f5
16. Qd3 Bxd2+ 17. Qxd2 axb4 18. axb4 fxe4 19. O-O Bf5 20. Qe3 Na4 21. Nb5 Bd7
22. Ra1 Nb2 23. Rxa6 Rxa6 24. Nxc7 Qb8 25. Nxa6 bxa6 26. c5 Qxb4 27. Be7 Re8 28.
Bxd6 Nd3 29. Rd1 Ba4 30. Rd2 Nf4 31. Bxa6 Bd7 32. Kh2 Ra8 33. Bxe5 Nxg2 34. Qh6 1-0

[Event "28th Cappelle Open"]
[Site "Cappelle la Grande FRA"]
[Date "2012.03.06"]
[Round "5.42"]
[White "Sprenger, Jan Michael"]
[Black "Dausch, Rene"]
[Result "1/2-1/2"]
[WhiteTitle "IM"]
[BlackTitle "FM"]
[WhiteElo "2523"]
[BlackElo "2366"]
[WhiteFideId "4646258"]
[BlackFideId "4621166"]
[EventDate "2012.03.03"]

1. e4 Nf6 2. e5 Nd5 3. d4 d6 4. Nf3 dxe5 5. Nxe5 c6 6. Bc4 Nd7 7. Nd3 g6 8. O-O
Bg7 9. c3 O-O 10. Bg5 h6 11. Bh4 b5 12. Bxd5 cxd5 13. Qb3 Nf6 14. Qxb5 Bd7 15.
Qa6 Ne4 16. f3 g5 17. Be1 Nd6 18. Na3 Qb6 19. Qxb6 axb6 20. Bg3 Nf5 21. Be5 Rfc8
22. Bxg7 Kxg7 23. Nb4 e6 24. Rac1 Nd6 25. Rfe1 Ra7 26. Rc2 Rxa3 27. bxa3 Nc4 28.
Rcc1 Nxa3 29. Nd3 Nb5 30. c4 dxc4 31. Ne5 Be8 32. Rxc4 Rd8 33. Rd1 f6 34. Ng4 e5
35. d5 Nd4 36. Ne3 Kg6 37. Nc2 Nxc2 38. Rxc2 Ba4 39. Rcd2 Bxd1 40. Rxd1 Kf7 41.
g4 Ke7 42. Rb1 Rxd5 43. Rxb6 Rd1+ 44. Kf2 Rd2+ 45. Kg3 Rxa2 46. Rb7+ Ke6 47. Rh7
Ra3 48. Kg2 Ra2+ 1/2-1/2

[Event "28th Cappelle Open"]
[Site "Cappelle la Grande FRA"]
[Date "2012.03.06"]
[Round "5.43"]
[White "Petkov, Vladimir"]
[Black "Marechal, Andy"]
[Result "1/2-1/2"]
[WhiteTitle "GM"]
[BlackTitle "FM"]
[WhiteElo "2509"]
[BlackElo "2349"]
[WhiteFideId "2901188"]
[BlackFideId "202355"]
[EventDate "2012.03.03"]

1. d4 d5 2. c4 c6 3. Nf3 Nf6 4. Qb3 dxc4 5. Qxc4 Bg4 6. Nc3 Nbd7 7. Qb3 Qb6 8.
e4 e6 9. Be3 Be7 10. Nd2 Bh5 11. f3 Bg6 12. Nc4 Qc7 13. Bf2 b5 14. Ne3 a6 15.
Rc1 Qa5 16. Qd1 O-O 17. Qd2 Rfd8 18. a3 Qb6 19. Be2 Qb7 20. O-O c5 21. d5 c4 22.
dxe6 fxe6 23. Rcd1 Nc5 24. Qc2 Rac8 25. Rxd8+ Rxd8 26. Rd1 Rxd1+ 27. Qxd1 Nfd7
28. Bg3 Qb6 29. Kf1 Be8 30. Ng4 Nb3 31. Bf2 Bc5 32. Bg3 Be7 33. e5 Qd4 34. Bf2
Qxd1+ 35. Bxd1 h5 36. Ne3 Nxe5 37. Bc2 Nc5 38. Ned1 Bg6 39. Bxg6 Nxg6 40. Bxc5
Bxc5 41. Ne4 Bd4 42. g3 Ne5 43. Ke2 Nd7 44. Ndc3 Nb6 45. Kd2 Kf8 46. Kc2 Ke7 47.
Ne2 Be3 48. b3 cxb3+ 49. Kxb3 Nd5 50. N2c3 Kd7 51. Na2 Kc6 52. Nb4+ Nxb4 53.
axb4 Bd4 54. Kc2 Be5 55. Kd3 Bc7 56. Nc5 Kd5 57. Ne4 a5 58. Nc3+ Kc6 59. bxa5
Bxa5 60. Ne2 e5 61. f4 Kd5 62. fxe5 Kxe5 63. Nd4 Bb6 64. Nxb5 Bg1 65. Ke2 Bxh2
66. Kf2 h4 67. gxh4 Kf5 68. Kg2 1/2-1/2

[Event "28th Cappelle Open"]
[Site "Cappelle la Grande FRA"]
[Date "2012.03.06"]
[Round "5.44"]
[White "Goudriaan, Etienne"]
[Black "Riff, Jean-Noel"]
[Result "1/2-1/2"]
[WhiteTitle "FM"]
[BlackTitle "IM"]
[WhiteElo "2292"]
[BlackElo "2509"]
[WhiteFideId "1021150"]
[BlackFideId "611190"]
[EventDate "2012.03.03"]

1. d4 e6 2. g3 Nf6 3. c4 d5 4. Nf3 dxc4 5. Bg2 Bd7 6. Ne5 Bc6 7. Nxc6 Nxc6 8.
Qa4 Qd7 9. Bxc6 bxc6 10. Qxc4 Rb8 11. O-O h5 12. h4 Qd5 13. Qc2 Bd6 14. Rd1 Ne4
15. Nc3 Nxc3 16. Qxc3 Qe4 17. Qd3 Qxd3 18. Rxd3 c5 19. d5 e5 20. e4 Rb4 1/2-1/2

[Event "28th Cappelle Open"]
[Site "Cappelle la Grande FRA"]
[Date "2012.03.06"]
[Round "5.45"]
[White "Jojua, Davit"]
[Black "Klinova, Masha"]
[Result "1-0"]
[WhiteTitle "GM"]
[BlackTitle "IM"]
[WhiteElo "2507"]
[BlackElo "2321"]
[WhiteFideId "13602543"]
[BlackFideId "2802015"]
[EventDate "2012.03.03"]

1. d4 d6 2. Nf3 Nf6 3. c4 g6 4. Nc3 Bg7 5. g3 O-O 6. Bg2 c6 7. O-O Bf5 8. Ne1
Be6 9. b3 d5 10. cxd5 Nxd5 11. Bb2 Nxc3 12. Bxc3 Qc8 13. Rc1 Bh3 14. e3 Bxg2 15.
Kxg2 Nd7 16. Nd3 Re8 17. Bb2 Qd8 18. f4 Rc8 19. Rf2 Nf6 20. Qf3 Qd5 21. Qxd5
Nxd5 22. e4 Nf6 23. Kf3 Red8 24. Rfc2 Rb8 25. g4 h6 26. h3 Ne8 27. e5 Nc7 28. f5
e6 29. Rg1 Nd5 30. Rf2 Bf8 31. Ke4 Be7 32. Re1 b6 33. f6 Bf8 34. Rc1 c5 35. dxc5
bxc5 36. Ba3 c4 37. Bxf8 cxd3 38. Bd6 Rbc8 39. Rc4 g5 40. Kxd3 Nf4+ 41. Ke4 Nxh3
42. Rfc2 Rxc4+ 43. bxc4 Nf4 44. c5 1-0

[Event "28th Cappelle Open"]
[Site "Cappelle la Grande FRA"]
[Date "2012.03.06"]
[Round "5.46"]
[White "Wahedi, Ahmad Siar"]
[Black "Czebe, Attila"]
[Result "1/2-1/2"]
[WhiteTitle "FM"]
[BlackTitle "GM"]
[WhiteElo "2290"]
[BlackElo "2477"]
[WhiteFideId "4651260"]
[BlackFideId "705268"]
[EventDate "2012.03.03"]

1. e4 g6 2. d4 d6 3. Nc3 c6 4. Bc4 Nf6 5. Bb3 Bg7 6. Nf3 O-O 7. O-O Qc7 8. a4 e5
9. h3 a5 10. Be3 Na6 11. Re1 Re8 12. Qd2 Be6 13. Bxe6 Rxe6 14. d5 Ree8 15. Rad1
Rad8 16. Bg5 Rd7 17. Nh2 Kh8 18. Nf1 Ng8 19. Ne3 f6 20. Bh4 Bh6 21. Qe2 Bxe3 22.
Qxe3 Kg7 23. Bg3 Nb4 24. dxc6 bxc6 25. Re2 g5 26. Red2 Ne7 27. Ne2 h6 28. f3 Rb8
29. Bf2 Rb7 30. Qa3 c5 31. c3 Na6 32. Qa2 Qc6 33. Qe6 Qxa4 34. Ng3 Ng8 35. Nf5+
Kh8 36. Nxd6 Re7 37. Qc8 Rb6 38. Qf8 Rb8 39. Nf7+ Kh7 40. Nd8 Rxb2 41. Rd6 Qa2
42. Re6 Rg7 43. Rf1 Nc7 44. Rxf6 Nxf6 45. Qxf6 Rd2 46. Qf5+ Kh8 47. Qf6 Kg8 48.
Nc6 Qe6 49. Qxe6+ Nxe6 50. Nxa5 Rc2 51. Nc6 Rxc3 52. Nxe5 Rb7 53. Ng4 Kg7 54.
Ne3 Rcb3 55. Nd5 Rb1 56. g3 Kf8 57. Kg2 c4 58. Rxb1 Rxb1 59. f4 gxf4 60. gxf4
Rb3 61. f5 Ng5 62. e5 c3 63. e6 Nxe6 64. fxe6 c2 65. Bc5+ Kg7 66. Bd4+ Kf8 67.
Bc5+ Kg7 68. Bd4+ Kf8 69. Bc5+ 1/2-1/2

[Event "28th Cappelle Open"]
[Site "Cappelle la Grande FRA"]
[Date "2012.03.06"]
[Round "5.47"]
[White "Kostiuk, Tatiana"]
[Black "Bokros, Albert"]
[Result "0-1"]
[WhiteTitle "WGM"]
[BlackTitle "IM"]
[WhiteElo "2275"]
[BlackElo "2472"]
[WhiteFideId "14107449"]
[BlackFideId "710458"]
[EventDate "2012.03.03"]

1. d4 e6 2. c4 b6 3. Nf3 Bb7 4. e3 Nf6 5. Bd3 Be7 6. O-O c5 7. Nc3 cxd4 8. exd4
O-O 9. Bg5 d5 10. Bxf6 Bxf6 11. cxd5 exd5 12. Qb3 Na6 13. a4 Nc7 14. a5 Ne6 15.
Rfd1 Qd6 16. a6 Bc6 17. Bb5 Rfd8 18. Rac1 Rac8 19. g3 h6 20. Bxc6 Qxc6 21. Nxd5
Qxc1 22. Nxf6+ gxf6 23. Rxc1 Rxc1+ 24. Kg2 Nxd4 25. Nxd4 Rxd4 26. Qf3 Rc2 27.
Qa8+ Kg7 28. Qxa7 Rxb2 29. Qb8 Ra4 30. a7 Rba2 31. Qxb6 Rxa7 32. Qd4 R7a4 33.
Qd7 Rc4 34. Kf3 h5 35. Qf5 Rcc2 36. Kg2 Rxf2+ 37. Qxf2 Rxf2+ 38. Kxf2 Kg6 39.
Kf3 Kg5 40. h3 Kf5 41. Ke3 Ke5 42. Kf3 f5 43. Ke3 f4+ 44. gxf4+ Kd5 45. f5 Ke5
46. f6 Kxf6 47. Kf4 Kg6 48. h4 Kf6 49. Ke4 Ke6 50. Kf4 f6 51. Ke4 f5+ 52. Kf4
Kf6 53. Kf3 Ke5 54. Ke3 f4+ 55. Kf2 Ke4 56. Ke2 f3+ 57. Kf1 Kf4 58. Kg1 Kg3 59.
Kf1 f2 0-1

[Event "28th Cappelle Open"]
[Site "Cappelle la Grande FRA"]
[Date "2012.03.06"]
[Round "5.49"]
[White "Kostiukova, Liubov"]
[Black "Harutjunyan, Gevorg"]
[Result "0-1"]
[WhiteTitle "IM"]
[BlackTitle "GM"]
[WhiteElo "2215"]
[BlackElo "2455"]
[WhiteFideId "14112116"]
[BlackFideId "13300873"]
[EventDate "2012.03.03"]

1. d4 Nf6 2. c4 g6 3. Nc3 Bg7 4. e4 d6 5. Be2 O-O 6. Nf3 e5 7. O-O Na6 8. Re1
Qe8 9. dxe5 dxe5 10. a3 Nc5 11. Qc2 Bg4 12. Be3 b6 13. b4 Bxf3 14. bxc5 Bxe2 15.
Qxe2 Qe6 16. f3 Rfc8 17. Nd5 Nd7 18. cxb6 axb6 19. a4 Bf8 20. Ra2 Ra6 21. Rb1
Bd6 22. Qd1 Rca8 23. Rba1 c6 24. Nc3 Bb4 25. Qb3 Bc5 26. Nd1 Bd4 27. Bxd4 exd4
28. Nb2 Ne5 29. h3 c5 30. Ra3 Nc6 31. Qc2 Nb4 32. Qb3 f5 33. exf5 Qxf5 34. Nd3
Nxd3 35. Qxd3 Qxd3 0-1

[Event "28th Cappelle Open"]
[Site "Cappelle la Grande FRA"]
[Date "2012.03.06"]
[Round "5.50"]
[White "Naumkin, Igor"]
[Black "Abdalla, Luiz Guilherme Aurelli"]
[Result "1/2-1/2"]
[WhiteTitle "GM"]
[BlackTitle "FM"]
[WhiteElo "2452"]
[BlackElo "2277"]
[WhiteFideId "4101715"]
[BlackFideId "2111080"]
[EventDate "2012.03.03"]

1. d4 d5 2. c4 e6 3. Nf3 c6 4. Bg5 Be7 5. Bxe7 Qxe7 6. Nbd2 Nf6 7. e3 Nbd7 8.
Rc1 O-O 9. Bd3 e5 10. dxe5 Nxe5 11. Nxe5 Qxe5 12. O-O Qxb2 13. cxd5 cxd5 14. Rc2
Qa3 15. Nb3 Bg4 16. f3 Bd7 17. Qb1 Rac8 18. Rd2 Rfe8 19. Re1 b6 20. g4 h6 21. h4
Re5 22. Nd4 Rce8 23. Rde2 Qd6 24. Qb2 Nh7 25. Qd2 Qf6 26. Rh2 Nf8 27. f4 R5e7
28. g5 Qd6 29. Rg2 hxg5 30. Rxg5 Qh6 31. Re2 f6 32. Rg3 g6 33. h5 g5 34. Bf5 Kh8
35. Reg2 Nh7 36. Bxd7 Rxd7 37. Nf5 Qf8 38. Qb2 d4 39. Qb5 Rdd8 40. exd4 Re1+ 41.
Kh2 Qe8 42. Qxe8+ Rexe8 43. Rd3 gxf4 44. Rf2 Re4 45. Rdf3 Rd5 46. Rxf4 Rxf4 47.
Rxf4 Ng5 48. Kg3 Ne6 49. Re4 Rxf5 50. Rxe6 Rxh5 51. Rxf6 Kg7 52. Rf2 1/2-1/2